| 000 | 01370nam a2200361 a 4500 | ||
|---|---|---|---|
| 001 | 000004107 | ||
| 003 | DO-SdBNP | ||
| 005 | 20180321094101.0 | ||
| 007 | 000004107 | ||
| 008 | 090717s2006 dr a 000 0 spa d | ||
| 040 |
_aBPMSU _bspa _cBPMSU |
||
| 082 | 0 | 4 |
_a923.2 _bR696C, 2006 |
| 100 | 1 |
_aCassá, Roberto _d1948- |
|
| 245 | 1 | 0 |
_aVida de Manuel Rodríguez Objío / _cRoberto Cassá ; ilustraciones Ramiro Manzano, José Manuel Rodríguez. |
| 250 | _a2a ed. | ||
| 260 |
_aSanto Domingo : _bTobogán, _c2006. |
||
| 490 | 1 | _aBiografías dominicanas Tobogán | |
| 504 | _aBibliografía : p. 51 | ||
| 505 | 0 |
_tSu relieve -- _tPrecocidad -- _tPaladín de la restauración -- _tPrecursor del radicalismo democrático -- _tExiliado de Haití -- _tEl martirio |
|
| 600 | 1 | 4 |
_aRODRÍGUEZ OBJÍO, MANUEL, _d1838-1871 |
| 651 | 4 |
_aREPÚBLICA DOMINICANA _xBIOGRAFÍAS |
|
| 700 | 1 |
_aManzano, Ramiro, _eil. |
|
| 700 | 1 | 2 |
_aRodríguez, José Manuel, _eil. |
| 830 | 0 | _aBiografías dominicanas Tobogán | |
| 910 | _aValidado. Control de calidad MFF | ||
| 942 |
_2ddc _cBK |
||
| 945 | _aRemanejado para la BNPHU, 2018 / BT | ||
| 956 |
_aAVARGAS _b10 _c20090717 _lBND01 _h0800 |
||
| 956 |
_aTMEREDITH _b20 _c20090827 _lBND01 _h1007 |
||
| 956 |
_aMFILETO _b10 _c20090916 _lBND01 _h1015 |
||
| 956 |
_aMMOLINA _b40 _c20090928 _lBND01 _h1437 |
||
| 956 |
_aVMATEO _b10 _c20150903 _lBPMSU _h00151 |
||
| 999 |
_c7467 _d7467 |
||